Представление документа в формате MARC21

Поле Инд. ПП Название Значение
Тип записи a
Библиографический уровень b
001 Контрольный номер RU/IS/BASE/220369124
005 Дата корректировки 20220715140351.1
008 Кодируемые данные 20061225
040 b Код языка каталог. rus
e Правила каталог. PSBO
041 0_ a Код языка текста rus
084 a Индекс другой классификации/Индекс ББК 63.3(2)5-4; 66.3(2Рос)
100 1_ a Автор Кирпичев И. В.
245 10 a Заглавие Депутатский клуб: российский и международный опыт неформальных политических объединений
504 a Библиография Библиогр. ссылки. - Примеч.
650 a Основная рубрика внутренняя политика
a Основная рубрика история
a Основная рубрика политика
653 a Ключевые слова XIX век
a Ключевые слова XVII век
a Ключевые слова XVIII век
a Ключевые слова XX век
a Ключевые слова Великобритания
a Ключевые слова Государственная дума
a Ключевые слова женские клубы
a Ключевые слова Кадетский клуб
a Ключевые слова клуб "Российский парламентарий"
a Ключевые слова Клуб независимых
a Ключевые слова клубы
a Ключевые слова Крестьянский клуб
a Ключевые слова неформальные политические объединения
a Ключевые слова Парламентский клуб
a Ключевые слова политические клубы
a Ключевые слова Россия
a Ключевые слова США
a Ключевые слова Франция
773 0_ t Заглавие источника Вестник Московского университета. Серия 18, Социология и политология
d Дата издания источника 2006
g Прочая информация № 4. - С. 14 - 30
w Контрольный № источника RU/IS/BASE/219330550
901 t Тип документа b